000 00293nam a2200109Ia 4500
008 200302s9999 xx 000 0 und d
100 _aAndrew Hopkins
245 _aItalian Architecture from Michelangelo to Borromini
260 _bThames and Hudson World of art
260 _c2002
300 _a222
999 _c6278
_d6278